Todas as Subdivisões de Primeiro Nível da América do Sul em um Mapa - Statistics

Estatísticas Gerais
  • Esse quiz foi jogado 5 541 vezes
  • A pontuação média é 55 de 243
Respostas no mapa
Respostas codificadas por cores de uma escala verde-vermelha no mapa do quiz de acordo com a % correta abaixo.
 
Estatísticas das Respostas
País Tipo Subdivisão % Correto
Brasil Estado Rio de Janeiro
92%
Brasil Estado Amazonas
91%
Colômbia Departamento Amazonas
91%
Peru Departamento Amazonas
91%
Venezuela Estado Amazonas
91%
Brasil Estado Pará
91%
Suriname Distrito Para
91%
Brasil Estado São Paulo
91%
Brasil Distrito Distrito Federal
89%
Brasil Estado Minas Gerais
88%
Brasil Estado Rio Grande do Sul
88%
Brasil Estado Bahia
87%
Brasil Estado Mato Grosso
87%
Brasil Estado Paraná
87%
Colômbia Departamento Santo André, Providência e Santa Catarina
87%
Brasil Estado Acre
86%
Brasil Estado Mato Grosso do Sul
86%
Brasil Estado Rio Grande do Norte
86%
Brasil Estado Santa Catarina
86%
Brasil Estado Espírito Santo
85%
Brasil Estado Goiás
85%
Brasil Estado Pernambuco
84%
Brasil Estado Tocantins
84%
Brasil Estado Ceará
83%
Brasil Estado Rondônia
83%
Brasil Estado Roraima
83%
Argentina Cidade Buenos Aires
82%
Argentina Província Buenos Aires
82%
Brasil Estado Maranhão
82%
Brasil Estado Sergipe
82%
Brasil Estado Alagoas
81%
Brasil Estado Amapá
81%
Brasil Estado Piauí
81%
Brasil Estado Paraíba
80%
Equador Província Morona-Santiago
68%
Chile Região Santiago
68%
Argentina Província Santiago del Estero
68%
Peru Departamento Lima
65%
Peru Província Lima
65%
Uruguai Departamento Montevidéu
64%
França Região Guiana Francesa
60%
Colômbia Distrito Distrito Capital
59%
Venezuela Distrito Distrito Capital
59%
Paraguai Distrito Distrito Capital
58%
Bolívia Departamento La Paz
58%
Colômbia Departamento Sucre
44%
Venezuela Estado Sucre
44%
Reino Unido Território Ilhas Falkland
38%
Argentina Província Córdoba
35%
Colômbia Departamento Córdoba
35%
Argentina Província Terra do Fogo
35%
Suriname Distrito Paramaribo
30%
Argentina Província Santa Cruz
30%
Bolívia Departamento Santa Cruz
30%
Peru Departamento Cusco
26%
Argentina Província Chaco
24%
Equador Província Galápagos
24%
Argentina Província Mendoza
24%
Argentina Província Santa Fe
24%
Argentina Província Misiones
22%
Paraguai Departamento Misiones
22%
Chile Região Atacama
21%
Argentina Província La Pampa
21%
Colômbia Departamento Bolívar
20%
Equador Província Bolívar
20%
Venezuela Estado Bolívar
20%
Argentina Província Corrientes
20%
Argentina Província San Juan
20%
Argentina Província Entre Ríos
19%
Argentina Província Río Negro
19%
Uruguai Departamento Río Negro
19%
Chile Região Valparaíso
19%
Argentina Província Jujuy
18%
Argentina Província Tucumán
18%
Chile Região Antofagasta
17%
Bolívia Departamento Cochabamba
17%
Argentina Província Salta
17%
Uruguai Departamento San José
16%
Argentina Província San Luis
15%
Argentina Província Chubut
14%
Argentina Província Formosa
14%
Argentina Província Neuquén
14%
Bolívia Departamento Potosí
14%
Argentina Província Catamarca
13%
Uruguai Departamento Colônia
13%
Argentina Província La Rioja
13%
Peru Departamento Pasco
13%
Uruguai Departamento Rivera
12%
Uruguai Departamento Salto
12%
Paraguai Departamento San Pedro
12%
Peru Departamento Arequipa
11%
Chile Região Arica e Parinacota
11%
Chile Região Los Ríos
11%
Equador Província Los Ríos
11%
Chile Região Magalhães
11%
Uruguai Departamento Maldonado
11%
Bolívia Departamento Oruro
11%
Paraguai Departamento Concepción
10%
Chile Região Los Lagos
10%
Uruguai Departamento Paysandú
10%
Uruguai Departamento Treinta y Tres
10%
Paraguai Departamento Alto Paraguay
9%
Paraguai Departamento Alto Paraná
9%
Colômbia Departamento Antioquia
9%
Colômbia Departamento Arauca
9%
Uruguai Departamento Artigas
9%
Bolívia Departamento Beni
9%
Chile Região Coquimbo
9%
Uruguai Departamento Flores
9%
Uruguai Departamento Florida
9%
Peru Departamento Loreto
9%
Chile Região O'Higgins
9%
Bolívia Departamento Pando
9%
Uruguai Departamento Rocha
9%
Peru Departamento San Martín
9%
Venezuela Estado Vargas
9%
Chile Região Biobío
8%
Paraguai Departamento Boquerón
8%
Uruguai Departamento Canelones
8%
Paraguai Departamento Central
8%
Uruguai Departamento Cerro Largo
8%
Uruguai Departamento Durazno
8%
Paraguai Departamento Guairá
8%
Paraguai Departamento Presidente Hayes
8%
Colômbia Departamento Santander
8%
Uruguai Departamento Tacuarembó
8%
Bolívia Departamento Tarija
8%
Paraguai Departamento Amambay
7%
Chile Região Araucanía
7%
Colômbia Departamento Atlántico
7%
Paraguai Departamento Caaguazú
7%
Peru Cidade Callao
7%
Bolívia Departamento Chuquisaca
7%
Paraguai Departamento Cordillera
7%
Guiana Região Ilhas Essequibo-Demerara Ocidental
7%
Paraguai Departamento Itapúa
7%
Peru Departamento La Libertad
7%
Uruguai Departamento Lavalleja
7%
Chile Região Maule
7%
Venezuela Estado Mérida
7%
Chile Região Ñuble
7%
Peru Departamento Puno
7%
Uruguai Departamento Soriano
7%
Venezuela Estado Táchira
7%
Chile Região Tarapacá
7%
Colômbia Departamento Tolima
7%
Venezuela Estado Trujillo
7%
Venezuela Estado Zulia
7%
Peru Departamento Ayacucho
6%
Chile Região Aysén
6%
Colômbia Departamento Boyacá
6%
Paraguai Departamento Caazapá
6%
Peru Departamento Cajamarca
6%
Paraguai Departamento Canindeyú
6%
Venezuela Estado Carabobo
6%
Colômbia Departamento Cauca
6%
Colômbia Departamento Chocó
6%
Colômbia Departamento Cundinamarca
6%
Equador Província El Oro
6%
Equador Província Esmeraldas
6%
Peru Departamento Ica
6%
Venezuela Estado Lara
6%
Equador Província Loja
6%
Peru Departamento Madre de Dios
6%
Colômbia Departamento Magdalena
6%
Colômbia Departamento Meta
6%
Paraguai Departamento Ñeembucú
6%
Paraguai Departamento Paraguarí
6%
Peru Departamento Piura
6%
Venezuela Estado Portuguesa
6%
Peru Departamento Tacna
6%
Peru Departamento Ancash
5%
Venezuela Estado Anzoátegui
5%
Venezuela Estado Apure
5%
Peru Departamento Apurímac
5%
Venezuela Estado Aragua
5%
Colômbia Departamento Caldas
5%
Colômbia Departamento Caquetá
5%
Colômbia Departamento Casanare
5%
Colômbia Departamento Cesar
5%
Venezuela Estado Falcón
5%
Colômbia Departamento Guainía
5%
Colômbia Departamento Guaviare
5%
Equador Província Guayas
5%
Peru Departamento Huánuco
5%
Colômbia Departamento Huila
5%
Peru Departamento Junín
5%
Colômbia Departamento La Guajira
5%
Peru Departamento Lambayeque
5%
Venezuela Estado Miranda
5%
Venezuela Estado Monagas
5%
Equador Província Napo
5%
Colômbia Departamento Nariño
5%
Colômbia Departamento Norte de Santander
5%
Colômbia Departamento Putumayo
5%
Equador Província Santa Elena
5%
Equador Província Santo Domingo de los Tsáchilas
5%
Peru Departamento Tumbes
5%
Peru Departamento Ucayali
5%
Colômbia Departamento Valle del Cauca
5%
Colômbia Departamento Vaupés
5%
Colômbia Departamento Vichada
5%
Equador Província Zamora-Chinchipe
5%
Guiana Região Alto Demerara-Berbice
4%
Equador Província Azuay
4%
Guiana Região Barima-Waini
4%
Venezuela Estado Barinas
4%
Equador Província Cañar
4%
Equador Província Carchi
4%
Equador Província Chimborazo
4%
Venezuela Estado Cojedes
4%
Equador Província Cotopaxi
4%
Venezuela Estado Delta Amacuro
4%
Guiana Região Demerara-Mahaica
4%
Venezuela Estado Guárico
4%
Peru Departamento Huancavelica
4%
Equador Província Imbabura
4%
Guiana Região Mahaica-Berbice
4%
Equador Província Manabí
4%
Peru Departamento Moquegua
4%
Suriname Distrito Nickerie
4%
Venezuela Estado Nueva Esparta
4%
Equador Província Orellana
4%
Equador Província Pastaza
4%
Equador Província Pichincha
4%
Colômbia Departamento Quindío
4%
Colômbia Departamento Risaralda
4%
Suriname Distrito Sipaliwini
4%
Equador Província Sucumbíos
4%
Equador Província Tungurahua
4%
Venezuela Estado Yaracuy
4%
Guiana Região Alto Takutu-Alto Essequibo
3%
Suriname Distrito Brokopondo
3%
Suriname Distrito Commewijne
3%
Suriname Distrito Coronie
3%
Guiana Região Cuyuni-Mazaruni
3%
Suriname Distrito Marowijne
3%
Guiana Região Pomeroon-Supenaam
3%
Guiana Região Potaro-Siparuni
3%
Suriname Distrito Saramacca
3%
Suriname Distrito Wanica
3%
Guiana Região Berbice Oriental-Corentyne
2%
Venezuela Dependência Dependências Federais
2%
Nenhum quiz correspondente encontrado
Distribuição das Pontuações
Porcentagem de Pessoas com Cada Pontuação
Percentil de Números Respondidos
Sua Pontuação Histórica
Você não jogou esse quiz